000 00778cam a2200253 i 4500
001 2663
005 20240111152833.0
020 _a0590402641
040 _aDLC
_cDLC
_dDLC
_beng
050 0 0 _aTX799.D46
082 0 0 _a641.65677
100 1 _aDePaola, Tomie
_d1934-2020
245 1 4 _aThe popcorn book /
_cwritten and illustrated by Tomie de Paola
260 _aNew York :
_bScholastic,
_c1978
300 _a28 unnumbered pages :
_bcolor illustrations ;
_c22 cm.
505 _aP
520 _aPresents a variety of facts about popcorn and includes two recipes.
521 _a650
_bLexile
521 _aP
_bRaz-Plus
650 0 _aPopcorn
_vJuvenile literature.
650 1 _aPopcorn.
906 _a7
_bcbc
_corignew
_d1
_eocip
_f19
_gy-gencatlg
942 _2ddc
_cBK
_n0
999 _c2663
_d2663